[Event "IECC CL5-2004.14 email"]
[Site "IECC email"]
[Date "2004.05.02"]
[Round "?"]
[White "Hasidume, Shuji"]
[Black "Persson, Sven Erik"]
[Result "1-0"]
[WhiteElo "1571"]
[BlackElo "1422"]
[PlyCount "31"]
[EventDate "2004.??.??"]
[EventType "tourn (corr)"]
[EventRounds "4"]
[SourceTitle "Corr 2008"]
[Source "ChessBase"]
[SourceDate "2008.06.24"]
[SourceVersion "1"]
[SourceVersionDate "2008.06.24"]
[SourceQuality "1"]

1. e4 Nf6 2. e5 Nd5 3. d4 d6 4. Nf3 Bg4 5. Be2 e6 6. 0-0 c5 7. c4 Nb6 8. dxc5 dxc5 9. Qxd8+ Kxd8 10. Rd1+ Ke8 11. Nc3 Nc6 12. Nb5 a6 13. Nc7+ Ke7 14. Be3 Nd7 15. Nxa8 h6 16. Nb6 1-0

[Event "IECC KO-2044"]
[Site "IECC email"]
[Date "2003.12.04"]
[Round "?"]
[White "Persson, Sven Erik"]
[Black "Parkes, Terry"]
[Result "0-1"]
[WhiteElo "1483"]
[BlackElo "1248"]
[PlyCount "44"]
[EventDate "2003.??.??"]
[EventType "match (corr)"]
[EventRounds "2"]
[SourceTitle "Corr 2020"]
[Source "ChessBase"]
[SourceDate "2019.09.30"]
[SourceVersion "1"]
[SourceVersionDate "2019.09.30"]
[SourceQuality "1"]
[WhiteTeam "Sweden"]
[BlackTeam "Canada"]
[WhiteTeamCountry "SWE"]
[BlackTeamCountry "CAN"]

1. e4 c5 2. d4 cxd4 3. c3 Nc6 4. cxd4 d6 5. Nf3 a6 6. Bc4 h6 7. h3 e6 8. Nc3 Nf6 9. 0-0 Qc7 10. Qe2 Be7 11. Bf4 e5 12. dxe5 Nxe5 13. Bd5 0-0 14. Rac1 Nxf3+ 15. Qxf3 Qd8 16. Rfd1 Nxd5 17. Nxd5 Bg5 18. Rc7 Be6 19. Rxb7 Bxd5 20. exd5 Qf6 21. Bxg5 Qxg5 22. Rc1 Qxc1+ 0-1

[Event "IECC CL5-2003.26 email"]
[Site "IECC email"]
[Date "2003.11.24"]
[Round "?"]
[White "Dobrzycki, Tomasz"]
[Black "Persson, Sven Erik"]
[Result "1-0"]
[WhiteElo "1538"]
[BlackElo "1487"]
[PlyCount "49"]
[EventDate "2003.??.??"]
[EventType "tourn (corr)"]
[EventRounds "4"]
[SourceTitle "Corr 2008"]
[Source "ChessBase"]
[SourceDate "2008.06.24"]
[SourceVersion "1"]
[SourceVersionDate "2008.06.24"]
[SourceQuality "1"]

1. e4 e6 2. d4 d5 3. exd5 exd5 4. Bd3 Nc6 5. Nf3 Bg4 6. c3 Nf6 7. Bg5 Be7 8. 0-0 0-0 9. Nbd2 Ne4 10. Bxe7 Qxe7 11. Re1 f5 12. Qc2 Qf6 13. h3 Bh5 14. Qb3 Ne7 15. Bxe4 fxe4 16. Rxe4 Kh8 17. Re5 Bxf3 18. Nxf3 b6 19. Rae1 Ng6 20. Rxd5 Nf4 21. Rd7 Rae8 22. Rxe8 Rxe8 23. Qf7 Qxf7 24. Rxf7 Nd3 25. Rxc7 1-0

[Event "IECC CL5-2003.20 email"]
[Site "IECC email"]
[Date "2003.09.27"]
[Round "?"]
[White "Persson, Sven Erik"]
[Black "Vasquez, Juan Carlos"]
[Result "0-1"]
[WhiteElo "1484"]
[BlackElo "1555"]
[PlyCount "68"]
[EventDate "2003.??.??"]
[EventType "tourn (corr)"]
[EventRounds "4"]
[SourceTitle "Corr 2008"]
[Source "ChessBase"]
[SourceDate "2008.06.24"]
[SourceVersion "1"]
[SourceVersionDate "2008.06.24"]
[SourceQuality "1"]

1. e4 c5 2. d4 cxd4 3. c3 dxc3 4. Nxc3 e6 5. Bc4 Nf6 6. e5 Qc7 7. Qe2 d5 8. Bb5+ Nfd7 9. Nf3 a6 10. Ba4 b5 11. Bb3 Nc6 12. Bf4 Bc5 13. 0-0 0-0 14. Rac1 Bb7 15. a3 Be7 16. Qe3 Bc5 17. Qe2 Rfe8 18. Ba2 f6 19. Rfe1 fxe5 20. Nxe5 Ndxe5 21. Bxe5 Nxe5 22. Qxe5 Qxe5 23. Rxe5 Bd4 24. Re2 Rac8 25. Rec2 Red8 26. Kf1 Bf6 27. a4 Bg5 28. Rd1 b4 29. Ne4 Rxc2 30. Nxg5 Rf8 31. f3 Rxb2 32. Bb1 g6 33. Nxe6 Rc8 34. Nf4 a5 0-1

[Event "IECC KO email"]
[Site "IECC email"]
[Date "2003.09.03"]
[Round "?"]
[White "Mugica, Emiliano"]
[Black "Persson, Sven Erik"]
[Result "1/2-1/2"]
[WhiteElo "1298"]
[BlackElo "1483"]
[PlyCount "77"]
[EventDate "2003.??.??"]
[EventType "tourn (corr)"]
[EventRounds "6"]
[SourceTitle "Corr 2008"]
[Source "ChessBase"]
[SourceDate "2008.06.24"]
[SourceVersion "1"]
[SourceVersionDate "2008.06.24"]
[SourceQuality "1"]

1. e4 Nf6 2. e5 Nd5 3. d4 d6 4. Nf3 Bg4 5. Be2 e6 6. 0-0 Be7 7. Nc3 0-0 8. Nxd5 exd5 9. c4 dxc4 10. Bxc4 dxe5 11. dxe5 Qxd1 12. Rxd1 Bxf3 13. gxf3 Nc6 14. f4 Rfd8 15. Be3 Na5 16. Bb5 a6 17. Bd3 Rab8 18. f5 Nc6 19. e6 fxe6 20. Bc4 b5 21. Bxe6+ Kh8 22. Rdc1 Nd4 23. Bxd4 Rxd4 24. Rxc7 Bf6 25. Rac1 Be5 26. Rc8+ Rd8 27. Rxd8+ Rxd8 28. Rc8 Rxc8 29. Bxc8 a5 30. b3 Kg8 31. Bd7 b4 32. Kg2 Kf7 33. h4 Kf6 34. Kf3 h6 35. Ke4 Bc3 36. h5 Be1 37. f4 Bd2 38. Be6 Bc1 39. Bd5 1/2-1/2

[Event "IECC CL5-2003.17 email"]
[Site "IECC email"]
[Date "2003.08.13"]
[Round "?"]
[White "Persson, Sven Erik"]
[Black "Wakeham, Marc R"]
[Result "1-0"]
[WhiteElo "1463"]
[BlackElo "1569"]
[PlyCount "89"]
[EventDate "2003.??.??"]
[EventType "tourn (corr)"]
[EventRounds "4"]
[SourceTitle "Corr 2008"]
[Source "ChessBase"]
[SourceDate "2008.06.24"]
[SourceVersion "1"]
[SourceVersionDate "2008.06.24"]
[SourceQuality "1"]

1. e4 d6 2. d4 Nf6 3. Nc3 g6 4. f4 Bg7 5. Be3 0-0 6. Bd3 c6 7. Nf3 Be6 8. 0-0 b5 9. b4 a5 10. a3 Ng4 11. Bd2 Qb6 12. Ne2 axb4 13. axb4 Nd7 14. h3 Nh6 15. c3 Rxa1 16. Qxa1 d5 17. Ng5 Qb7 18. Nxe6 fxe6 19. Qb2 Nf7 20. Ra1 Nd6 21. e5 Nc4 22. Bxc4 bxc4 23. Qa3 Nb6 24. Qa6 Rb8 25. Qxb7 Rxb7 26. Kh2 Kf7 27. g4 Rb8 28. Ra6 h5 29. Kg3 Rb7 30. Kh4 hxg4 31. hxg4 Rb8 32. f5 exf5 33. gxf5 gxf5 34. Bg5 Rb7 35. Nf4 e6 36. Kh5 Bf8 37. Bd8 Nd7 38. Rxc6 Bxb4 39. cxb4 Nf8 40. Rc7+ Rxc7 41. Bxc7 Nd7 42. b5 c3 43. Kg5 c2 44. Nd3 Ke7 45. b6 1-0

[Event "IECC CL5-2003.17 email"]
[Site "IECC email"]
[Date "2003.08.13"]
[Round "?"]
[White "Vananderoye, Tom"]
[Black "Persson, Sven Erik"]
[Result "1-0"]
[WhiteElo "1535"]
[BlackElo "1499"]
[PlyCount "49"]
[EventDate "2003.??.??"]
[EventType "tourn (corr)"]
[EventRounds "4"]
[SourceTitle "Corr 2008"]
[Source "ChessBase"]
[SourceDate "2008.06.24"]
[SourceVersion "1"]
[SourceVersionDate "2008.06.24"]
[SourceQuality "1"]

1. e4 Nf6 2. e5 Nd5 3. d4 d6 4. c4 Nb6 5. exd6 exd6 6. Nc3 Be7 7. Bd3 Nc6 8. Nge2 Bg4 9. f3 Bh4+ 10. Ng3 Qe7+ 11. Kf2 0-0 12. Re1 Qf6 13. Nce4 Qxd4+ 14. Be3 Qxb2+ 15. Re2 Bxf3 16. gxf3 Qe5 17. f4 Qe7 18. c5 Nd5 19. cxd6 Nxe3 20. Rxe3 cxd6 21. Nxd6 Qc7 22. Qh5 Bxg3+ 23. hxg3 g6 24. Qh6 Qxd6 25. Rh1 1-0

[Event "IECC CL5-2003.12 email"]
[Site "IECC email"]
[Date "2003.05.17"]
[Round "?"]
[White "Carr, James T"]
[Black "Persson, Sven Erik"]
[Result "0-1"]
[WhiteElo "1599"]
[BlackElo "1443"]
[PlyCount "42"]
[EventDate "2003.??.??"]
[EventType "tourn (corr)"]
[EventRounds "4"]
[SourceTitle "Corr 2008"]
[Source "ChessBase"]
[SourceDate "2008.06.24"]
[SourceVersion "1"]
[SourceVersionDate "2008.06.24"]
[SourceQuality "1"]

1. d4 Nf6 2. c4 e5 3. dxe5 Ng4 4. Bf4 Nc6 5. Nf3 Bb4+ 6. Nbd2 Qe7 7. a3 Bxd2+ 8. Qxd2 Ngxe5 9. Nxe5 Nxe5 10. e3 d6 11. Rc1 Be6 12. c5 0-0 13. cxd6 cxd6 14. Be2 Rfd8 15. 0-0 a6 16. Qd4 f6 17. Rfd1 Bb3 18. Re1 Rac8 19. Qb4 Bf7 20. Red1 Rxc1 21. Rxc1 Nc6 0-1

[Event "IECC CL4-2003.06 email"]
[Site "IECC email"]
[Date "2003.03.02"]
[Round "?"]
[White "Butterworth, Joseph"]
[Black "Persson, Sven Erik"]
[Result "1-0"]
[WhiteElo "1726"]
[BlackElo "1448"]
[PlyCount "93"]
[EventDate "2003.??.??"]
[EventType "tourn (corr)"]
[EventRounds "4"]
[SourceTitle "Corr 2008"]
[Source "ChessBase"]
[SourceDate "2008.06.24"]
[SourceVersion "1"]
[SourceVersionDate "2008.06.24"]
[SourceQuality "1"]

1. e4 Nf6 2. e5 Nd5 3. d4 d6 4. Nf3 Bg4 5. Be2 e6 6. 0-0 Be7 7. h3 Bxf3 8. Bxf3 c6 9. c4 Nc7 10. exd6 Qxd6 11. Qb3 Qb4 12. Qxb4 Bxb4 13. Bf4 Nba6 14. a3 Be7 15. Nd2 0-0-0 16. Nb3 g5 17. Be3 f5 18. Bh5 f4 19. Bd2 Rhf8 20. Bc3 b6 21. Rfe1 Bf6 22. Bg4 Rde8 23. Rac1 Kb7 24. Nd2 c5 25. Ne4 Be7 26. Rcd1 cxd4 27. Bxd4 Rd8 28. Bf3 Kc8 29. b4 Rd7 30. Be5 Rfd8 31. Rxd7 Rxd7 32. Rd1 Ne8 33. Kh2 Nb8 34. h4 Rxd1 35. Bxd1 Nd7 36. Bb2 gxh4 37. Kh3 e5 38. Kg4 Ng7 39. Ba4 h5+ 40. Kf3 Ne6 41. Bxd7+ Kxd7 42. Bxe5 Ng5+ 43. Kxf4 Nxe4 44. Kxe4 Ke6 45. Bd4 Bf8 46. c5 b5 47. f4 1-0

[Event "IECC CL5-2002.21"]
[Site "IECC email"]
[Date "2002.10.16"]
[Round "?"]
[White "Parwicz, Witold"]
[Black "Persson, Sven Erik"]
[Result "1-0"]
[WhiteElo "1562"]
[BlackElo "1433"]
[PlyCount "25"]
[EventDate "2002.??.??"]
[EventType "tourn (corr)"]
[EventRounds "4"]
[SourceTitle "Corr 2008"]
[Source "ChessBase"]
[SourceDate "2008.06.24"]
[SourceVersion "1"]
[SourceVersionDate "2008.06.24"]
[SourceQuality "1"]

1. d4 Nf6 2. c4 e5 3. dxe5 Ng4 4. Bf4 Nc6 5. Nf3 Qe7 6. Nc3 Ngxe5 7. Nxe5 Nxe5 8. Nd5 Qd6 9. c5 Qxc5 10. Bxe5 c6 11. Nc7+ Kd8 12. f4 f6 13. Ne6+ 1-0

[Event "IECC CL6-2002.22"]
[Site "IECC email"]
[Date "2002.07.17"]
[Round "?"]
[White "Mierzwa, Leszek"]
[Black "Persson, Sven Erik"]
[Result "1-0"]
[WhiteElo "1118"]
[BlackElo "1407"]
[PlyCount "93"]
[EventDate "2002.??.??"]
[EventType "tourn (corr)"]
[EventRounds "4"]
[SourceTitle "Corr 2008"]
[Source "ChessBase"]
[SourceDate "2008.06.24"]
[SourceVersion "1"]
[SourceVersionDate "2008.06.24"]
[SourceQuality "1"]

1. e4 e5 2. Nf3 Nc6 3. Bc4 Bc5 4. Nc3 Nf6 5. d3 0-0 6. Be3 Bxe3 7. fxe3 d6 8. Qd2 a6 9. d4 Na5 10. Bd3 exd4 11. exd4 Re8 12. 0-0-0 b5 13. e5 Nd7 14. Qf4 Nf8 15. Ng5 f6 16. exf6 Qxf6 17. Qh4 h6 18. Nf3 Qxh4 19. Nxh4 Nc6 20. Nd5 Ra7 21. Rde1 Rxe1+ 22. Rxe1 g5 23. Nf5 Bxf5 24. Bxf5 Nxd4 25. Bg4 c6 26. Ne7+ Kf7 27. Bh5+ Kf6 28. Nc8 Rd7 29. c3 Nde6 30. Bg4 Rd8 31. Na7 c5 32. Nc6 Rc8 33. Na5 Rc7 34. Nb3 Rh7 35. Nd2 d5 36. b3 h5 37. Bf3 Nf4 38. Rf1 Ke5 39. g3 N4e6 40. c4 dxc4 41. bxc4 bxc4 42. Nxc4+ Kd4 43. Be2 Nd7 44. Rd1+ Kc3 45. Rd3+ Kb4 46. Rb3+ Ka4 47. Bd1 1-0

[Event "IECC CL6-2002.22"]
[Site "IECC email"]
[Date "2002.07.17"]
[Round "?"]
[White "Van Gimst, Herman"]
[Black "Persson, Sven Erik"]
[Result "0-1"]
[WhiteElo "1301"]
[BlackElo "1395"]
[PlyCount "66"]
[EventDate "2002.??.??"]
[EventType "tourn (corr)"]
[EventRounds "4"]
[SourceTitle "Corr 2008"]
[Source "ChessBase"]
[SourceDate "2008.06.24"]
[SourceVersion "1"]
[SourceVersionDate "2008.06.24"]
[SourceQuality "1"]

1. d4 d5 2. c4 e5 3. dxe5 d4 4. Nf3 Nc6 5. Nbd2 Bb4 6. a3 Bxd2+ 7. Bxd2 Be6 8. Qa4 Qd7 9. Qc2 Nge7 10. e3 dxe3 11. Bxe3 Rd8 12. Be2 Ng6 13. 0-0 0-0 14. Qc3 Bf5 15. b4 a6 16. b5 axb5 17. cxb5 Nce7 18. Bc4 Be4 19. Ng5 Bd5 20. Rfd1 h6 21. Ne4 c6 22. Nc5 Qc7 23. Rdb1 Bxc4 24. b6 Qb8 25. Qb4 Bd3 26. Nxd3 Rxd3 27. Bc5 Re8 28. Re1 Nd5 29. Qc4 Rc3 30. Qd4 Nxe5 31. f4 Nd3 32. Rxe8+ Qxe8 33. Rf1 Nxc5 0-1

[Event "IECC CL5-2002.02"]
[Site "IECC email"]
[Date "2002.02.05"]
[Round "?"]
[White "Yero, Emilio"]
[Black "Persson, Sven Erik"]
[Result "0-1"]
[WhiteElo "1500"]
[BlackElo "1409"]
[PlyCount "26"]
[EventDate "2002.??.??"]
[EventType "tourn (corr)"]
[EventRounds "4"]
[SourceTitle "Corr 2008"]
[Source "ChessBase"]
[SourceDate "2008.06.24"]
[SourceVersion "1"]
[SourceVersionDate "2008.06.24"]
[SourceQuality "1"]

1. e4 Nf6 2. c4 d6 3. Nc3 g6 4. d4 Bg7 5. Be3 Nbd7 6. Be2 0-0 7. Nf3 c5 8. d5 a6 9. Bf4 Nh5 10. Be3 Rb8 11. 0-0 Nhf6 12. h3 Ne8 13. b3 Bxc3 0-1

[Event "IECC CL5-2001.34"]
[Site "IECC email"]
[Date "2001.12.06"]
[Round "?"]
[White "Turko, Sergey Ivanovich"]
[Black "Persson, Sven Erik"]
[Result "1-0"]
[WhiteElo "1727"]
[BlackElo "1430"]
[PlyCount "71"]
[EventDate "2001.??.??"]
[EventType "tourn (corr)"]
[EventRounds "4"]
[SourceTitle "Corr 2008"]
[Source "ChessBase"]
[SourceDate "2008.06.24"]
[SourceVersion "1"]
[SourceVersionDate "2008.06.24"]
[SourceQuality "1"]

1. c4 Nf6 2. Nc3 c5 3. Nf3 Nc6 4. g3 d5 5. cxd5 Nxd5 6. Bg2 e5 7. Nxe5 Nxc3 8. Bxc6+ bxc6 9. dxc3 Qd5 10. Nf3 Bh3 11. Bf4 Bg2 12. Rg1 Bxf3 13. exf3 g6 14. Qe2+ Qe6 15. Qxe6+ fxe6 16. 0-0-0 Rd8 17. Rxd8+ Kxd8 18. Rd1+ Kc8 19. Bg5 Kc7 20. Bf6 Rg8 21. f4 Bd6 22. Be5 Rd8 23. Bxd6+ Rxd6 24. Rxd6 Kxd6 25. c4 e5 26. fxe5+ Kxe5 27. Kd2 Ke4 28. Ke2 Kd4 29. b3 Ke4 30. h4 h5 31. f3+ Kd4 32. Kf2 Kd3 33. g4 Kd4 34. f4 a5 35. gxh5 gxh5 36. Kf3 1-0

[Event "IECC Swiss email"]
[Site "IECC email"]
[Date "2001.07.31"]
[Round "?"]
[White "Sierra, Pablo"]
[Black "Persson, Sven Erik"]
[Result "1-0"]
[WhiteElo "1000"]
[BlackElo "1421"]
[PlyCount "73"]
[EventDate "2001.??.??"]
[EventType "tourn (corr)"]
[EventRounds "6"]
[SourceTitle "Corr 2008"]
[Source "ChessBase"]
[SourceDate "2008.06.24"]
[SourceVersion "1"]
[SourceVersionDate "2008.06.24"]
[SourceQuality "1"]

1. e4 e6 2. d4 d5 3. e5 c5 4. c3 Nc6 5. Nf3 Qb6 6. a3 a5 7. Bd3 Bd7 8. Bc2 f6 9. 0-0 0-0-0 10. Re1 fxe5 11. Nxe5 Nxe5 12. dxe5 Ne7 13. Nd2 g6 14. Nf3 Nf5 15. Bg5 Be7 16. Bxe7 Nxe7 17. Rb1 Rhf8 18. Qd2 Ng8 19. Ng5 h6 20. Nh7 Rf7 21. Bxg6 Rg7 22. Bc2 h5 23. Qe3 Be8 24. b4 d4 25. cxd4 cxd4 26. Qc1 Rc7 27. bxa5 Qxa5 28. Qg5 Bf7 29. Qg7 Qd2 30. Be4 Qh6 31. Bxb7+ Rxb7 32. Rec1+ Rc7 33. Rxc7+ Kxc7 34. Qxf7+ Rd7 35. Qxg8 Rxh7 36. Qb8+ Kc6 37. Qd6# 1-0

[Event "IECC CL5-2001.14"]
[Site "IECC email"]
[Date "2001.05.07"]
[Round "?"]
[White "Persson, Sven Erik"]
[Black "Butterworth, Joseph"]
[Result "0-1"]
[WhiteElo "1478"]
[BlackElo "1582"]
[PlyCount "38"]
[EventDate "2001.??.??"]
[EventType "tourn (corr)"]
[EventRounds "4"]
[SourceTitle "Corr 2008"]
[Source "ChessBase"]
[SourceDate "2008.06.24"]
[SourceVersion "1"]
[SourceVersionDate "2008.06.24"]
[SourceQuality "1"]

1. c4 Nf6 2. Nc3 e5 3. f4 e4 4. Qc2 b5 5. cxb5 d5 6. e3 Bf5 7. Nge2 Bd6 8. Nd4 Bd7 9. Be2 0-0 10. 0-0 a6 11. a4 axb5 12. Bxb5 c5 13. Nc6 Qc7 14. Nxb8 Rfxb8 15. Ne2 Rxb5 16. axb5 Rxa1 17. Nc3 d4 18. Na4 c4 19. b3 cxb3 0-1

[Event "IECC CL5-2001.06"]
[Site "IECC email"]
[Date "2001.02.28"]
[Round "?"]
[White "Mendes, David F"]
[Black "Persson, Sven Erik"]
[Result "1/2-1/2"]
[WhiteElo "1407"]
[BlackElo "1501"]
[PlyCount "60"]
[EventDate "2001.??.??"]
[EventType "tourn (corr)"]
[EventRounds "4"]
[SourceTitle "Corr 2008"]
[Source "ChessBase"]
[SourceDate "2008.06.24"]
[SourceVersion "1"]
[SourceVersionDate "2008.06.24"]
[SourceQuality "1"]

1. d4 d5 2. c4 e5 3. e3 Nc6 4. Nc3 Nf6 5. Nf3 Bg4 6. Be2 exd4 7. Nxd4 Bxe2 8. Qxe2 Nxd4 9. exd4+ Be7 10. 0-0 0-0 11. cxd5 Re8 12. Qf3 Bb4 13. Bg5 Be7 14. Bxf6 Bxf6 15. Rad1 Qd7 16. Ne4 Be7 17. Rfe1 b6 18. Re3 Red8 19. Rde1 Qxd5 20. Nf6+ gxf6 21. Qg3+ Qg5 22. Rxe7 Qxg3 23. hxg3 Rac8 24. R7e4 f5 25. Rf4 Rd5 26. g4 Rcd8 27. Rd1 c5 28. gxf5 Kg7 29. Kf1 h5 30. Ke2 Kf6 1/2-1/2

[Event "IECC Swiss email"]
[Site "IECC email"]
[Date "2001.02.23"]
[Round "?"]
[White "Persson, Sven Erik"]
[Black "Newton, Hobart E"]
[Result "0-1"]
[WhiteElo "1505"]
[BlackElo "1883"]
[PlyCount "72"]
[EventDate "2001.??.??"]
[EventType "tourn (corr)"]
[EventRounds "6"]
[SourceTitle "Corr 2008"]
[Source "ChessBase"]
[SourceDate "2008.06.24"]
[SourceVersion "1"]
[SourceVersionDate "2008.06.24"]
[SourceQuality "1"]

1. e4 e5 2. Nf3 Nc6 3. Bb5 a6 4. Ba4 Nf6 5. 0-0 Be7 6. d3 d6 7. c3 Bg4 8. Bg5 h6 9. Be3 0-0 10. Nbd2 Bh5 11. Bxc6 bxc6 12. Qa4 c5 13. d4 exd4 14. cxd4 Ng4 15. Bf4 cxd4 16. Nxd4 Bf6 17. h3 Ne5 18. Qa3 Re8 19. Rac1 Ng6 20. Nc6 Qd7 21. Be3 Be2 22. Rfe1 Bb5 23. Nd4 Ne5 24. Nxb5 axb5 25. Qb3 c5 26. Ra1 c4 27. Qc2 Nd3 28. Reb1 Nb4 29. Qc1 Nxa2 30. Qe1 c3 31. bxc3 Bxc3 32. Rd1 Bxa1 33. Rxa1 Nc3 34. Rxa8 Rxa8 35. Kh2 b4 36. Bd4 Qb5 0-1

[Event "IECC Swiss email"]
[Site "IECC email"]
[Date "2000.10.15"]
[Round "?"]
[White "Persson, Sven Erik"]
[Black "Marcotulli, Giancarlo"]
[Result "1/2-1/2"]
[WhiteElo "1515"]
[BlackElo "2064"]
[PlyCount "46"]
[EventDate "2000.??.??"]
[EventType "tourn (corr)"]
[EventRounds "6"]
[SourceTitle "Corr 2008"]
[Source "ChessBase"]
[SourceDate "2008.06.24"]
[SourceVersion "1"]
[SourceVersionDate "2008.06.24"]
[SourceQuality "1"]

1. c4 e5 2. Nc3 Nf6 3. g3 d5 4. cxd5 Nxd5 5. Bg2 Nb6 6. b3 Be7 7. Bb2 0-0 8. Rc1 f5 9. Nf3 Nc6 10. d3 Qd6 11. 0-0 a6 12. Nd2 Be6 13. Nc4 Nxc4 14. dxc4 e4 15. Qxd6 Bxd6 16. Rcd1 Rad8 17. f3 Bc5+ 18. Kh1 exf3 19. Bxf3 Bd4 20. Bxc6 bxc6 21. Rd3 c5 22. Rfd1 Rd6 23. e3 Bxc3 1/2-1/2

[Event "IECG CP.2000.P.00079"]
[Site "IECG email"]
[Date "2000.10.01"]
[Round "?"]
[White "Van Rooijen, Peter"]
[Black "Persson, Sven Erik"]
[Result "1-0"]
[WhiteElo "1642"]
[BlackElo "1459"]
[PlyCount "27"]
[EventDate "2000.10.01"]
[EventType "tourn (corr)"]
[EventRounds "6"]
[EventCountry "ITA"]
[SourceTitle "Corr 2008"]
[Source "ChessBase"]
[SourceDate "2008.06.24"]
[SourceVersion "1"]
[SourceVersionDate "2008.06.24"]
[SourceQuality "1"]

1. b4 d5 2. Bb2 Qd6 3. a3 e5 4. e3 Be6 5. Nf3 f6 6. d4 Nd7 7. dxe5 fxe5 8. c4 c6 9. cxd5 cxd5 10. Bb5 e4 11. Nd4 a6 12. Nxe6 Qxe6 13. Qh5+ g6 14. Bxd7+ 1-0

[Event "IECC CL5-2000.23"]
[Site "IECC email"]
[Date "2000.07.27"]
[Round "?"]
[White "Lyew, Merrill"]
[Black "Persson, Sven Erik"]
[Result "0-1"]
[WhiteElo "1535"]
[BlackElo "1496"]
[PlyCount "134"]
[EventDate "2000.??.??"]
[EventType "tourn (corr)"]
[EventRounds "4"]
[SourceTitle "Corr 2008"]
[Source "ChessBase"]
[SourceDate "2008.06.24"]
[SourceVersion "1"]
[SourceVersionDate "2008.06.24"]
[SourceQuality "1"]

1. e4 Nf6 2. e5 Nd5 3. d4 d6 4. Nf3 Bg4 5. Be2 e6 6. 0-0 Be7 7. c4 Nb6 8. Nc3 0-0 9. Be3 a5 10. b3 Na6 11. a3 d5 12. h3 Bh5 13. Nd2 Bxe2 14. Qxe2 f6 15. exf6 Bxf6 16. Nf3 c6 17. c5 Nd7 18. Na4 e5 19. dxe5 Nxe5 20. Nd4 Re8 21. Rac1 Nd7 22. Qd2 Nc7 23. Rfe1 Kh8 24. Nf5 Nb5 25. Bf4 Rxe1+ 26. Rxe1 Qf8 27. Qc1 Re8 28. Rxe8 Qxe8 29. Nd6 Nxd6 30. Bxd6 Qe6 31. Qe3 Qxe3 32. fxe3 Kg8 33. Kf2 Kf7 34. Bc7 Be7 35. b4 axb4 36. axb4 Ke6 37. Ke2 Bf6 38. Kd3 Kf5 39. g4+ Kg5 40. Bg3 h5 41. gxh5 Kxh5 42. Ke2 Be5 43. Be1 Kg5 44. Kd3 Kf5 45. Nc3 Bxc3 46. Bxc3 Ne5+ 47. Ke2 Ke4 48. Bd4 g6 49. Bb2 Nf3 50. Kf2 d4 51. exd4 Nxd4 52. Kg3 Nc2 53. Kg4 Nxb4 54. Kg5 Nd3 55. Ba3 Kd5 56. h4 Nxc5 57. Kxg6 Nd3 58. h5 Nf4+ 59. Kg5 Nxh5 60. Kxh5 c5 61. Kg5 b5 62. Bb2 Ke4 63. Kf6 c4 64. Bc3 Kd3 65. Bb4 c3 66. Bd6 c2 67. Ba3 Kd4 0-1

[Event "IECC CL5-2000.23"]
[Site "IECC email"]
[Date "2000.07.27"]
[Round "?"]
[White "Persson, Sven Erik"]
[Black "Zurowski, Dennis"]
[Result "0-1"]
[WhiteElo "1512"]
[BlackElo "1519"]
[PlyCount "52"]
[EventDate "2000.??.??"]
[EventType "tourn (corr)"]
[EventRounds "4"]
[SourceTitle "Corr 2008"]
[Source "ChessBase"]
[SourceDate "2008.06.24"]
[SourceVersion "1"]
[SourceVersionDate "2008.06.24"]
[SourceQuality "1"]

1. c4 e5 2. Nc3 Nf6 3. g3 d5 4. cxd5 Nxd5 5. Bg2 Be6 6. d4 exd4 7. Qxd4 Nc6 8. Qd2 Ndb4 9. Bxc6+ bxc6 10. Kf1 Be7 11. a3 Nd5 12. e4 Nb6 13. Nf3 Qxd2 14. Nxd2 0-0-0 15. Ke2 f5 16. e5 g5 17. Rd1 Nd7 18. Nf3 g4 19. Nd4 Bc4+ 20. Ke1 Nxe5 21. Bf4 Nd3+ 22. Rxd3 Bxd3 23. Nxc6 Rde8 24. Nxa7+ Kb7 25. Be3 Bc5 26. Kd2 Bxe3+ 0-1

[Event "IECG TE.2000.P.00301 email"]
[Site "IECG email"]
[Date "2000.04.14"]
[Round "?"]
[White "Rensen, Martin"]
[Black "Persson, Sven Erik"]
[Result "1-0"]
[WhiteElo "2193"]
[BlackElo "1468"]
[PlyCount "67"]
[EventDate "2000.04.14"]
[EventType "tourn (corr)"]
[EventRounds "8"]
[SourceTitle "Corr 2008"]
[Source "ChessBase"]
[SourceDate "2008.06.24"]
[SourceVersion "1"]
[SourceVersionDate "2008.06.24"]
[SourceQuality "1"]

1. e4 e5 2. Nf3 Nc6 3. Bb5 f5 4. Qe2 fxe4 5. Qxe4 Nf6 6. Qe2 e4 7. d3 Qe7 8. dxe4 Qxe4 9. Qxe4+ Nxe4 10. 0-0 Bc5 11. Nbd2 Nf6 12. Re1+ Ne7 13. Nb3 Bb6 14. Bg5 c6 15. Bd3 d6 16. Re2 Bg4 17. Rae1 Bd8 18. Nbd4 Kd7 19. h3 Bxf3 20. Nxf3 Nfg8 21. Nd4 h6 22. Bd2 Nf6 23. Ne6 Ned5 24. c4 Nc7 25. Nxg7 d5 26. Bf5+ Kd6 27. b4 Ne4 28. Bf4+ Ke7 29. cxd5 cxd5 30. Bxe4 dxe4 31. Rxe4+ Kd7 32. Rd4+ Kc8 33. Rc1 Rg8 34. Ne6 1-0